Une heure d'oubli : un spadassin /

Guardado en:
Bibliografiske detaljer
Hovedforfatter: Flammarion, Ernest (ed.)
Andre forfattere: Fischer, Max (autor) (autor), Fischer, Alex (autor) (autor)
Format: Bog
Sprog:fransk
Udgivet: París, Francia : Flammarion, 1921, c1921
Fag:
Tags: Tilføj Tag
Ingen Tags, Vær først til at tagge denne postø!

MARC

LEADER 00000nam^a2200000^a^4500
001 000364493
005 20250526000000.0
009 20260310115617.301
037 |a Acervo ITESO - Biblioteca 
041 |a FRA 
082 |a 848.  |b FLA V. 63 
100 |a Flammarion, Ernest  |e (ed.) 
240 1 5 |a [Une heure d'oubli] 
245 1 4 |a Une heure d'oubli :  |b un spadassin /  |c Ed. de E. Flammarion ; M. Fischer, A. Fischer. 
264 4 |a París, Francia :  |b Flammarion,  |c 1921, c1921 
300 |a 61 p. ;  |c 16.5 cm. 
336 |a texto  |b txt  |2 rdacontenido 
337 |a sin mediación  |b n  |2 rdamedio 
338 |a volumen  |b nc  |2 rdasoporte 
649 |a XX 
650 |a Cuentos Franceses 
650 |a Comedia Francesa 
650 |a Literatura Francesa -  |y Siglo XIX 
650 |a Literatura Francesa -  |y Siglo XX 
700 |a Fischer, Max  |e (autor) 
700 |a Fischer, Alex  |e (autor) 
910 |a Fondo General 
920 |a Impresos - Libros 
930 |a Libros Antiguos y Raros 
940 |a Literatura 
905 |a 108 
901 |a 0500258204  |b IT2  |c LRA  |i D74623  |u 20250526 
902 |a https://opac.biblio.iteso.mx/vufind/Record/000364493